[Event "Mumbai Wealth op U13 4th"]
[Site "Mumbai"]
[Date "2018.12.31"]
[Round "2"]
[White "Bharadia, Yash"]
[Black "Ghadge, Harsh"]
[Result "1-0"]
[WhiteElo "1559"]
[BlackElo "1265"]
[PlyCount "129"]
[EventDate "2018.12.30"]
[EventType "swiss"]
[EventRounds "9"]
[EventCountry "IND"]
[SourceTitle "CBM 188 Extra"]
[Source "ChessBase"]
[SourceDate "2019.02.26"]
[SourceVersion "1"]
[SourceVersionDate "2019.02.26"]
[SourceQuality "1"]

1. e4 e5 2. Nf3 Nc6 3. Bb5 a6 4. Ba4 Nf6 5. 0-0 Be7 6. Re1 b5 7. Bb3 d6 8. c3 0-0 9. h3 Bb7 10. d4 Re8 11. Nbd2 Bf8 12. Bc2 h6 13. a3 Qd7 14. Nf1 Rad8 15. Ng3 Ne7 16. dxe5 dxe5 17. Qxd7 Nxd7 18. a4 c6 19. Be3 Ng6 20. b4 c5 21. axb5 axb5 22. Ra7 Bc6 23. bxc5 Nxc5 24. Rea1 Ra8 25. h4 Bd6 26. h5 Nf4 27. Rxa8 Rxa8 28. Rxa8+ Bxa8 29. Bxc5 Bxc5 30. Nxe5 Bd6 31. Nf3 Kf8 32. Nd4 b4 33. cxb4 Bxb4 34. Nde2 Ne6 35. Nf5 Bc5 36. Kf1 Bb7 37. Bd3 Ng5 38. f3 Ne6 39. g3 Ng5 40. Kg2 Bc6 41. Ned4 Bd7 42. Nb3 Ba7 43. Nfd4 Ke7 44. f4 Ne6 45. Nf5+ Kf8 46. Bc4 Nc5 47. Nd6 Nxb3 48. Bxb3 Be8 49. Kf3 Bc5 50. Nc4 Bb4 51. g4 Ke7 52. Ne3 Bc5 53. Nf5+ Kf8 54. Ne3 Bd7 55. Nc2 Bc6 56. Ne1 Bb5 57. g5 hxg5 58. fxg5 Bb4 59. Nc2 Bd2 60. Ne3 Be8 61. Bd5 f6 62. g6 Ba4 63. h6 Bd1+ 64. Kg2 gxh6 65. Nf5 1-0

[Event "IND-ch U09 op 32nd"]
[Site "Ranchi"]
[Date "2018.09.18"]
[Round "5.3"]
[White "Ghadge, Harsh"]
[Black "Priansh, Das"]
[Result "0-1"]
[WhiteElo "1215"]
[BlackElo "1594"]
[PlyCount "52"]
[EventDate "2018.09.15"]
[EventType "swiss"]
[EventRounds "11"]
[EventCountry "IND"]
[SourceTitle "EXT 2024"]
[Source "ChessBase"]
[SourceDate "2023.10.10"]
[SourceVersion "1"]
[SourceVersionDate "2023.10.10"]
[SourceQuality "1"]

1. e4 e6 2. d4 d5 3. exd5 exd5 4. Bd3 Bd6 5. Nf3 Bg4 6. 0-0 Nc6 7. c3 Nge7 8. Re1 Qd7 9. Nbd2 0-0-0 10. b4 Ng6 11. b5 Nce7 12. h3 Nf4 13. Bf1 Bh5 14. a4 g5 15. Qb3 g4 16. hxg4 Qxg4 17. Nh2 Nh3+ 18. Kh1 Nxf2+ 19. Kg1 Qg3 20. Ndf3 Rhg8 21. Ne5 Nh3+ 22. Kh1 Qxe1 23. c4 Rg3 24. Qa2 Rdg8 25. Bh6 Nf2+ 26. Kg1 Rxg2# 0-1